000
00252nam a22001217a 4500
040
_c
HS
082
_a
636
100
_a
PETTER R. CHEEKE
245
_a
Applied animal nutrition
260
_a
NA
_b
PETTER R. CHEEKE
_c
1999
300
_a
525p;
942
_c
EK
999
_c
10321
_d
10321